Innovative Management Instruments in a Effective Management of Public Adminitration Organizations

V súčasnom podnikateľskom prostredí nadobúdajú znalosti rastúci význam. Znalosť sa stáva najdôležitejším aktívom spoločnosti a odráža sa v jej rozhodovacích procesoch. Príspevok je zameraný na modelové prístupy k rozhodovaniu, v ktorých sú popísané hlavné charakteristiky znalostnej spoločnosti. Rozh...

Ausführliche Beschreibung

Gespeichert in:
Bibliographische Detailangaben
1. Verfasser: Jankelová, Nadežda, 1966-
Weitere Verfasser: Papay, Zdenko
Format: Buchkapitel
Sprache:Englisch
Schlagworte:
Tags: Tag hinzufügen
Keine Tags, Fügen Sie das erste Tag hinzu!

MARC

LEADER 00000naa$a2200000$$$4500
001 0248838
005 20240502083707.7
041 0 |a eng 
044 |a CZ 
245 1 0 |a Innovative Management Instruments in a Effective Management of Public Adminitration Organizations  |c Nadežda Jankelová, Zdenko Papay 
520 |a V súčasnom podnikateľskom prostredí nadobúdajú znalosti rastúci význam. Znalosť sa stáva najdôležitejším aktívom spoločnosti a odráža sa v jej rozhodovacích procesoch. Príspevok je zameraný na modelové prístupy k rozhodovaniu, v ktorých sú popísané hlavné charakteristiky znalostnej spoločnosti. Rozhodovanie sa stáva hlavným konkurenčným faktorom a prináša spoločnostiam konkurenčnú výhodu na trhu. 
610 2 0 |a vedomosti 
610 2 0 |a riadenie znalostí 
610 2 0 |a spoločnosť vedomostná 
610 2 0 |a správa verejná 
610 2 0 |a rozhodovanie 
610 2 0 |a výhody konkurenčné 
100 1 |a Jankelová, Nadežda, 1966- 
700 1 |a Papay, Zdenko